Statistics for Europe Capital Cities Quiz

Click here to take the quiz!

General Stats

  • This quiz has been taken 6,898 times
  • The average score is 28 of 44

Answer Stats

HintAnswer% Correct
FranceParis
95%
GermanyBerlin
93%
ItalyRome
92%
United KingdomLondon
90%
RussiaMoscow
87%
GreeceAthens
86%
IrelandDublin
86%
SpainMadrid
86%
NetherlandsAmsterdam
81%
NorwayOslo
80%
AustriaVienna
80%
BelgiumBrussels
79%
PortugalLisbon
79%
DenmarkCopenhagen
77%
HungaryBudapest
76%
FinlandHelsinki
76%
Czech Rep.Prague
76%
PolandWarsaw
76%
Vatican CityVatican City
75%
LuxembourgLuxembourg
73%
MonacoMonaco
73%
SwedenStockholm
70%
San MarinoSan Marino
68%
UkraineKiev
67%
BulgariaSofia
67%
SwitzerlandBerne
64%
CroatiaZagreb
62%
RomaniaBucharest
57%
BelarusMinsk
56%
IcelandReykjavik
55%
LatviaRiga
49%
Bosnia.Sarajevo
48%
AlbaniaTirana
47%
AndorraAndorra La Vella
44%
SerbiaBelgrade
43%
EstoniaTallinn
42%
SlovakiaBratislava
40%
LithuaniaVilnius
38%
MaltaValletta
35%
SloveniaLjubljana
34%
MacedoniaSkopje
34%
LiechtensteinVaduz
33%
MoldovaChisinau
26%
MontenegroPodgorica
26%

Score Distribution

Percentile by Number Answered

Percent of People with Each Score

Your Score History

You have not taken this quiz